Bathymetry of Groundhog Reservoir, Dolores County, Colorado, 2011 /

Bibliographic Details
Main Author: Kohn, Michael S.
Corporate Author: Geological Survey (U.S.)
Format: Government Document Map
Language:English
Published: Washington, D.C. : U.S. Dept. of the Interior, U.S. Geological Survey, 2012.
Series:Scientific investigations map ; 3202.
Subjects:
Online Access:https://purl.fdlp.gov/GPO/gpo20543

MARC

Tag First Indicator Second Indicator Subfields
LEADER 00000cem a2200000Ia 4500
001 in00002742016
005 20211120164336.0
006 m o d f
007 aj cznzn
007 cr cn|||||||||
008 120322s2012 dcuek bh b fo 0 eng d
034 0 |a a  |d W1081830  |e W1081730  |f N0374830  |g N0374730 
035 |a (OCoLC)ocn781286559 
040 |a GPO  |c GPO  |d GPO  |d MvI  |d UtOrBLW 
043 |a n-us-co 
049 |a WWW 
052 |a 4311 
074 |a 0619-G-33 (online) 
086 0 |a I 19.91/3:3202 
100 1 |a Kohn, Michael S. 
245 1 0 |a Bathymetry of Groundhog Reservoir, Dolores County, Colorado, 2011 /  |c by Michael S. Kohn. 
246 3 |a Bathymetry of Ground Hog Reservoir, Dolores County, Colorado, 2011 
255 |a Scale not given ;  |b universal transverse Mercator proj.  |c (W 108°18ʹ30ʺ--W 108°17ʹ30ʺ/N 37°48ʹ30ʺ--N 37°47ʹ30ʺ). 
264 1 |a Washington, D.C. :  |b U.S. Dept. of the Interior, U.S. Geological Survey,  |c 2012. 
300 |a 1 online resource (1 map) :  |b color 
336 |a cartographic image  |b cri  |2 rdacontent 
337 |a computer  |b c  |2 rdamedia 
338 |a online resource  |b cr  |2 rdacarrier 
490 1 |a Scientific investigations map ;  |v 3202 
500 |a Depths shown by isolines and soundings. 
500 |a Title from title screen (viewed on Mar. 22, 2012). 
500 |a Includes text, table, 2 graphs, and location map. 
504 |a Includes bibliographical references. 
500 |a Electronic resource. 
651 0 |a Groundhog Reservoir (Colo.)  |v Maps. 
710 2 |a Geological Survey (U.S.) 
830 0 |a Scientific investigations map ;  |v 3202. 
856 4 0 |u https://purl.fdlp.gov/GPO/gpo20543  |t 0 
999 |a MARS 
999 f f |s f45aa000-4ee4-3776-9d3e-c47c6fb29ec7  |i 5a8d4f2a-1e69-3571-8e68-710daae2d9c8  |t 0 
952 f f |a Texas A&M University  |b College Station  |c Electronic Resources  |d Available Online  |t 0  |e I 19.91/3:3202  |h Superintendent of Documents classification 
998 f f |a I 19.91/3:3202  |t 0  |l Available Online